000 00616nas1a22001811i 4500
001 rc\178507
005 20240723212606.0
035 _a(NLR Aleph) 005617680
090 _a6468391
_c6468391
100 _a20030307a19979999u |0rusy50 ca
101 0 _arus
102 _aRU
200 1 _aПриор
_eИнформ.-аналит. журн. для руководящего звена предприятий, малого и сред. бизнеса
_fУчредитель: Изд-во Приор
210 _aМ.
_cПриор
_d1997-
801 0 _aRU
_bNLR
_gpsbo
801 1 _aRU
_bELAR
_2rusmarc
852 _aNLR
_jП22/6953
942 _cSE